[Event "2. Bundesliga Ost 2018/2019"]
[Site "alle Wien"]
[Date "2018.10.06"]
[Round "1"]
[Board "1"]
[White "Hupfer, Robert"]
[Black "Lipka, Juraj"]
[Result "1/2-1/2"]
[WhiteElo "2136"]
[BlackElo "2426"]
[PlyCount "96"]
[EventDate "2018.10.06"]
[EventType "team"]
[EventRounds "11"]
[EventCountry "AUT"]
[WhiteTeam "DeLaVie Oberwart - www.trink-vitamine.at"]
[BlackTeam "ASVOE Pamhagen"]

1. d4 d5 2. c4 c6 3. Nf3 Nf6 4. e3 Bg4 5. Nc3 e6 6. cxd5 exd5 7. Qb3 Qb6 8.
Qxb6 axb6 9. Ne5 Bf5 10. Be2 Nbd7 11. Nxd7 Kxd7 12. O-O b5 13. b3 Bb4 14. Bb2
Ba3 15. Bxa3 Rxa3 16. f3 Re8 17. Nxb5 Ra5 18. e4 dxe4 19. fxe4 Bxe4 20. Nc3 Bg6
21. a4 Kd6 22. Bc4 Rg5 23. Rae1 Rxe1 24. Rxe1 Rg4 25. Rd1 Ne4 26. Nxe4+ Bxe4
27. g3 Bd5 28. Kf2 h5 29. h4 Rg6 30. Rd3 Rf6+ 31. Ke2 Rg6 32. Re3 Rg4 33. Kd3
f6 34. Kc3 Bxc4 35. bxc4 b6 36. Kd3 g5 37. hxg5 fxg5 38. Rf3 c5 39. d5 h4 40.
gxh4 gxh4 41. Re3 Rg6 42. Rh3 Rh6 43. Ke4 Rh8 44. Kf5 Rf8+ 45. Ke4 Rh8 46. Kf5
Rh7 47. Kg6 Rh8 48. Kf5 Rh7  1/2-1/2

[Event "2. Bundesliga Ost 2018/2019"]
[Site "alle Wien"]
[Date "2018.10.06"]
[Round "1"]
[Board "2"]
[White "Vitouch, Anatol"]
[Black "Benkoe, Markus"]
[Result "1-0"]
[WhiteElo "2319"]
[BlackElo "2000"]
[PlyCount "75"]
[EventDate "2018.10.06"]
[EventType "team"]
[EventRounds "11"]
[EventCountry "AUT"]
[WhiteTeam "ASVOE Pamhagen"]
[BlackTeam "DeLaVie Oberwart - www.trink-vitamine.at"]

1. d4 d6 2. Bg5 Nf6 3. Bxf6 exf6 4. e3 g6 5. g3 Bg7 6. Bg2 O-O 7. Ne2 c5 8. c3
Qc7 9. O-O Nc6 10. Nd2 Rb8 11. Nf4 Ne7 12. b4 b5 13. Nb3 c4 14. Na5 g5 15. Nd5
Nxd5 16. Bxd5 Be6 17. Qf3 f5 18. a4 a6 19. axb5 axb5 20. Ra3 Rb6 21. Rfa1 Bxd5
22. Qxd5 Qd7 23. R3a2 Qe6 24. Nc6 Bf6 25. Qxe6 fxe6 26. Ra6 Rxa6 27. Rxa6 f4
28. Ra5 fxe3 29. fxe3 e5 30. Rxb5 exd4 31. exd4 Rc8 32. Na5 g4 33. Rd5 Kf7 34.
Rxd6 Bg5 35. Rc6 Rxc6 36. Nxc6 Bd2 37. b5 Bxc3 38. b6  1-0

[Event "2. Bundesliga Ost 2018/2019"]
[Site "alle Wien"]
[Date "2018.10.06"]
[Round "1"]
[Board "3"]
[White "Ziegner, Markus"]
[Black "Alvir, Aco"]
[Result "0-1"]
[WhiteElo "2121"]
[BlackElo "2303"]
[PlyCount "65"]
[EventDate "2018.10.06"]
[EventType "team"]
[EventRounds "11"]
[EventCountry "AUT"]
[WhiteTeam "DeLaVie Oberwart - www.trink-vitamine.at"]
[BlackTeam "ASVOE Pamhagen"]

1. e4 g6 2. d4 Bg7 3. Nc3 c5 4. dxc5 Bxc3+ 5. bxc3 Nf6 6. Bd3 Qa5 7. Bd2 Qxc5
8. Nf3 d6 9. h3 O-O 10. O-O Nbd7 11. Qe1 b6 12. Kh2 Bb7 13. Nd4 Bxe4 14. f4 d5
15. g4 Qc7 16. Nb5 Qb8 17. g5 Nh5 18. Bxe4 dxe4 19. Qxe4 Nc5 20. Qe5 Qxe5 21.
fxe5 Ne4 22. Be3 Rfc8 23. e6 fxe6 24. Bd4 a6 25. Rae1 Nxg5 26. Na3 Rc6 27. Nb1
Ng7 28. Bxg7 Kxg7 29. Re3 Rd8 30. h4 Nf7 31. Rfe1 Rdd6 32. R1e2 Nh6 33. Nd2  0-1

[Event "2. Bundesliga Ost 2018/2019"]
[Site "alle Wien"]
[Date "2018.10.06"]
[Round "1"]
[Board "4"]
[White "Kuthan, Andreas"]
[Black "Penker, Harald"]
[Result "1-0"]
[WhiteElo "2186"]
[BlackElo "2100"]
[PlyCount "95"]
[EventDate "2018.10.06"]
[EventType "team"]
[EventRounds "11"]
[EventCountry "AUT"]
[WhiteTeam "ASVOE Pamhagen"]
[BlackTeam "DeLaVie Oberwart - www.trink-vitamine.at"]

1. e4 c6 2. d4 d5 3. exd5 cxd5 4. c4 Nf6 5. Nc3 e6 6. Nf3 Bb4 7. cxd5 Nxd5 8.
Qc2 Nc6 9. a3 Be7 10. Bd3 Bf6 11. O-O Nxc3 12. bxc3 h6 13. Re1 O-O 14. Qe2 Qd5
15. Rb1 a6 16. Bf4 Qh5 17. Qd2 Rd8 18. a4 Ne7 19. Bc7 Rd7 20. Be5 Rd8 21. Bxf6
gxf6 22. Qf4 Nd5 23. Qd2 Kg7 24. Re4 f5 25. Rh4 Qg6 26. Rh3 Qf6 27. Ne5 Ne7 28.
Rxh6 Ng6 29. Nxg6 fxg6 30. Rh3 Kg8 31. Qh6 Qg7 32. Qg5 Rd7 33. Bc4 Re7 34. Rh6
Kf7 35. Qh4 Ke8 36. Qg5 Kf7 37. d5 b5 38. axb5 axb5 39. Be2 exd5 40. Rxg6 Qxc3
41. Rg8 Ke6 42. Rg6+ Kf7 43. Rh6 Kf8 44. Rf6+ Rf7 45. Rg6 Rb7 46. Qd8+ Kf7 47.
Qg8+ Ke7 48. Qh7+  1-0

[Event "2. Bundesliga Ost 2018/2019"]
[Site "alle Wien"]
[Date "2018.10.06"]
[Round "1"]
[Board "5"]
[White "Koller, David"]
[Black "Eder, Martin"]
[Result "0-1"]
[WhiteElo "1584"]
[BlackElo "2131"]
[PlyCount "90"]
[EventDate "2018.10.06"]
[EventType "team"]
[EventRounds "11"]
[EventCountry "AUT"]
[WhiteTeam "DeLaVie Oberwart - www.trink-vitamine.at"]
[BlackTeam "ASVOE Pamhagen"]

1. e4 c6 2. d4 d5 3. Nc3 dxe4 4. Nxe4 Bf5 5. Ng3 Bg6 6. Nf3 Nd7 7. Bc4 e6 8.
Be3 Ngf6 9. Qe2 Be7 10. Nh4 Qa5+ 11. Bd2 Qb6 12. Bc3 Nd5 13. Bxd5 cxd5 14. Nf3
Nf6 15. O-O Rc8 16. Rfd1 Nd7 17. Qd2 O-O 18. Rac1 h6 19. Re1 Qa6 20. a3 Rfe8
21. Qe2 Qxe2 22. Rxe2 Rc6 23. Ne5 Nxe5 24. dxe5 Bxa3 25. Bd4 Bc5 26. Bxc5 Rxc5
27. Rd2 Rec8 28. c3 d4 29. Rxd4 Rxe5 30. c4 b5 31. h3 Rec5 32. Ra1 Rxc4 33. Rd7
Rc1+ 34. Rxc1 Rxc1+ 35. Kh2 Rc2 36. b4 Rxf2 37. Rb7 a6 38. Rb6 Ra2 39. Kg1 Ra4
40. Kf2 Rxb4 41. Rxa6 Rb2+ 42. Kf3 b4 43. Rb6 Bd3 44. Rd6 Bc4 45. Rd4 Bd5+  0-1

[Event "2. Bundesliga Ost 2018/2019"]
[Site "alle Wien"]
[Date "2018.10.06"]
[Round "1"]
[Board "1"]
[White "Jankovic, Alojzije"]
[Black "Zilka, Stepan"]
[Result "1-0"]
[WhiteElo "2543"]
[BlackElo "2533"]
[PlyCount "65"]
[EventDate "2018.10.06"]
[EventType "team"]
[EventRounds "11"]
[EventCountry "AUT"]
[WhiteTeam "SK Advisory Invest Baden"]
[BlackTeam "Blackburne Nickelsdorf"]

1. d4 d5 2. c4 e6 3. Nf3 a6 4. c5 b6 5. cxb6 cxb6 6. Bf4 Bd6 7. Bxd6 Qxd6 8. e3
Nc6 9. Nc3 Nf6 10. Bd3 O-O 11. O-O Bd7 12. Qe2 Nb4 13. Bb1 Nc6 14. Bd3 Nb4 15.
Bb1 Nc6 16. a3 b5 17. e4 dxe4 18. Nxe4 Qf4 19. Nxf6+ gxf6 20. d5 exd5 21. Qd3
Qe4 22. Qd2 Qg4 23. Qxd5 Rad8 24. Re1 Qg7 25. Qh5 Kh8 26. h3 Be6 27. Be4 Nd4
28. Nxd4 Rxd4 29. Rad1 Rfd8 30. Rxd4 Rxd4 31. Re3 f5 32. Bxf5 Rd5 33. Rxe6  1-0

[Event "2. Bundesliga Ost 2018/2019"]
[Site "alle Wien"]
[Date "2018.10.06"]
[Round "1"]
[Board "2"]
[White "Schwarhofer, Christopher"]
[Black "Rubil, Marko"]
[Result "1/2-1/2"]
[WhiteElo "2379"]
[BlackElo "2207"]
[PlyCount "66"]
[EventDate "2018.10.06"]
[EventType "team"]
[EventRounds "11"]
[EventCountry "AUT"]
[WhiteTeam "Blackburne Nickelsdorf"]
[BlackTeam "SK Advisory Invest Baden"]

1. e4 e5 2. Bc4 Nf6 3. d3 c6 4. Nf3 d5 5. Bb3 a5 6. a4 Bb4+ 7. c3 Bd6 8. Bg5
Be6 9. Nbd2 h6 10. Bh4 Nbd7 11. O-O O-O 12. Re1 Qc7 13. Bc2 dxe4 14. dxe4 Nh5
15. Bg3 Nxg3 16. hxg3 Bc5 17. Qe2 Qb6 18. Reb1 Rfd8 19. Bd3 Be7 20. Bc4 Bg4 21.
Nf1 Bc5 22. N1h2 Bh5 23. g4 Bg6 24. g5 hxg5 25. Nxg5 Nf6 26. Nhf3 Qc7 27. Nh4
Bh5 28. Qe1 Ng4 29. Nh3 Qe7 30. Nf5 Qf6 31. b4 axb4 32. cxb4 Ba7 33. Ra3 Nh6
 1/2-1/2

[Event "2. Bundesliga Ost 2018/2019"]
[Site "alle Wien"]
[Date "2018.10.06"]
[Round "1"]
[Board "3"]
[White "Sharashenidze, Akaki"]
[Black "Vlcek, Stanislav"]
[Result "1-0"]
[WhiteElo "2354"]
[BlackElo "2284"]
[PlyCount "59"]
[EventDate "2018.10.06"]
[EventType "team"]
[EventRounds "11"]
[EventCountry "AUT"]
[WhiteTeam "SK Advisory Invest Baden"]
[BlackTeam "Blackburne Nickelsdorf"]

1. e4 c5 2. Nf3 d6 3. Bb5+ Bd7 4. Bxd7+ Qxd7 5. c4 Nc6 6. Nc3 g6 7. d4 cxd4 8.
Nxd4 Nf6 9. O-O Nxd4 10. Qxd4 Bg7 11. b3 O-O 12. Bb2 Rfc8 13. Rad1 Qe6 14. f3
Nd7 15. Qd2 a6 16. Nd5 Bxb2 17. Qxb2 b5 18. cxb5 axb5 19. Rc1 Nc5 20. Qe2 Rab8
21. Rc2 Qd7 22. Rfc1 Kg7 23. b4 Na4 24. Rc7 Qd8 25. Qe3 e6 26. Qf4 Rxc7 27.
Rxc7 exd5 28. Qxf7+ Kh6 29. Qxh7+ Kg5 30. Rf7  1-0

[Event "2. Bundesliga Ost 2018/2019"]
[Site "alle Wien"]
[Date "2018.10.06"]
[Round "1"]
[Board "4"]
[White "Bachofner, Andreas"]
[Black "Ly, Dominik"]
[Result "1/2-1/2"]
[WhiteElo "2184"]
[BlackElo "2238"]
[PlyCount "55"]
[EventDate "2018.10.06"]
[EventType "team"]
[EventRounds "11"]
[EventCountry "AUT"]
[WhiteTeam "Blackburne Nickelsdorf"]
[BlackTeam "SK Advisory Invest Baden"]

1. e4 c5 2. b3 e6 3. Bb2 d5 4. Bb5+ Bd7 5. Qe2 dxe4 6. Nc3 Nf6 7. Nxe4 Be7 8.
Nf3 O-O 9. Bxd7 Nbxd7 10. O-O Qc7 11. Nxf6+ Bxf6 12. d4 Rac8 13. c4 Rfd8 14.
Rfd1 Qf4 15. d5 exd5 16. Rxd5 Bxb2 17. Qxb2 Nf6 18. Rdd1 Rd6 19. Rxd6 Qxd6 20.
Re1 h6 21. h3 b6 22. Qe5 Qxe5 23. Rxe5 Kf8 24. Kf1 Nd7 25. Rd5 Nf6 26. Re5 Nd7
27. Rd5 Nf6 28. Re5  1/2-1/2

[Event "2. Bundesliga Ost 2018/2019"]
[Site "alle Wien"]
[Date "2018.10.06"]
[Round "1"]
[Board "5"]
[White "Hofegger, Jakob"]
[Black "Kuntner, Reinhard"]
[Result "1-0"]
[WhiteElo "2128"]
[BlackElo "2024"]
[PlyCount "95"]
[EventDate "2018.10.06"]
[EventType "team"]
[EventRounds "11"]
[EventCountry "AUT"]
[WhiteTeam "SK Advisory Invest Baden"]
[BlackTeam "Blackburne Nickelsdorf"]

1. Nf3 d5 2. g3 Nf6 3. Bg2 c5 4. O-O Nc6 5. d3 h6 6. Nbd2 Bf5 7. Qe1 Nb4 8. Qd1
Nc6 9. c3 e6 10. Qe1 Be7 11. e4 dxe4 12. dxe4 Bh7 13. Qe2 Qc7 14. Ne1 g5 15.
Nc4 Rd8 16. a4 Bg6 17. Nc2 Bh5 18. f3 a6 19. a5 O-O 20. Qf2 Bg6 21. N2e3 Nh5
22. f4 f5 23. exf5 gxf4 24. gxf4 Rxf5 25. Nxf5 Bxf5 26. Kh1 Kh7 27. Rg1 Nf6 28.
Be3 Ng4 29. Qg3 h5 30. h3 Nf6 31. Bf3 Rg8 32. Qh4 Bg6 33. Rg5 Rg7 34. Rag1 Bd8
35. Ne5 Nxe5 36. fxe5 Nd5 37. Rxg6 Bxh4 38. Rxg7+ Qxg7 39. Rxg7+ Kxg7 40. Bxc5
Bd8 41. c4 Nf4 42. Bxb7 Bxa5 43. Bxa6 Nxh3 44. b4 Bc7 45. Bd6 Bd8 46. c5 Nf2+
47. Kg2 Ne4 48. c6  1-0

[Event "2. Bundesliga Ost 2018/2019"]
[Site "alle Wien"]
[Date "2018.10.06"]
[Round "1"]
[Board "6"]
[White "Gratze, Michael"]
[Black "Zojer, Stefan"]
[Result "0-1"]
[WhiteElo "1956"]
[BlackElo "2125"]
[PlyCount "70"]
[EventDate "2018.10.06"]
[EventType "team"]
[EventRounds "11"]
[EventCountry "AUT"]
[WhiteTeam "Blackburne Nickelsdorf"]
[BlackTeam "SK Advisory Invest Baden"]

1. d4 d5 2. Nc3 Nf6 3. Bf4 c6 4. Nf3 e6 5. e3 Be7 6. Bd3 O-O 7. Ne5 Nbd7 8. Qf3
c5 9. dxc5 Nxc5 10. O-O Nxd3 11. cxd3 d4 12. Nb5 dxe3 13. fxe3 Nd5 14. Bg3 f6
15. Nc4 a6 16. Nc3 Nxc3 17. bxc3 e5 18. Rfd1 Rb8 19. e4 Be6 20. Ne3 Qa5 21. d4
Rbc8 22. d5 Bd7 23. d6 Bd8 24. Nd5 Ba4 25. Qf5 Bxd1 26. Qe6+ Kh8 27. Rxd1 Bb6+
28. Kh1 Bc5 29. d7 Rc6 30. Qf5 Qd8 31. Nb4 Rd6 32. Rxd6 Bxd6 33. Qe6 Qe7 34.
Qxe7 Bxe7 35. Nd5 Bd8  0-1

[Event "2. Bundesliga Ost 2018/2019"]
[Site "alle Wien"]
[Date "2018.10.06"]
[Round "1"]
[Board "1"]
[White "Stanec, Nikolaus"]
[Black "Baumegger, Siegfried"]
[Result "1/2-1/2"]
[WhiteElo "2473"]
[BlackElo "2446"]
[PlyCount "63"]
[EventDate "2018.10.06"]
[EventType "team"]
[EventRounds "11"]
[EventCountry "AUT"]
[WhiteTeam "SC Donaustadt"]
[BlackTeam "tschaturanga"]

1. c4 e6 2. d4 Nf6 3. Nc3 Bb4 4. e3 O-O 5. Bd3 d5 6. Nge2 c5 7. O-O cxd4 8.
exd4 dxc4 9. Bxc4 Nc6 10. Bg5 Be7 11. Re1 b6 12. a3 Bb7 13. Qd3 h6 14. Bxf6
Bxf6 15. Rad1 Ne7 16. Bb3 Nd5 17. Nxd5 Bxd5 18. Bc2 g6 19. Nf4 Bg7 20. Nxd5
Qxd5 21. Bb3 Qd6 22. d5 e5 23. Rc1 Rac8 24. Qb5 Rc5 25. Rxc5 bxc5 26. Qc6 Qb8
27. Bc4 Qxb2 28. Qxc5 e4 29. Qb4 Qxb4 30. axb4 Bc3 31. Rxe4 Bxb4 32. Ba6
 1/2-1/2

[Event "2. Bundesliga Ost 2018/2019"]
[Site "alle Wien"]
[Date "2018.10.06"]
[Round "1"]
[Board "2"]
[White "Sadilek, Peter"]
[Black "Pingitzer, Harald"]
[Result "1-0"]
[WhiteElo "2291"]
[BlackElo "2314"]
[PlyCount "37"]
[EventDate "2018.10.06"]
[EventType "team"]
[EventRounds "11"]
[EventCountry "AUT"]
[WhiteTeam "tschaturanga"]
[BlackTeam "SC Donaustadt"]

1. d4 d5 2. c4 c6 3. Nf3 e6 4. Nc3 dxc4 5. g3 Nf6 6. Bg2 c5 7. O-O Nc6 8. Ne5
Nxe5 9. dxe5 Qxd1 10. Rxd1 Nd7 11. Nb5 Ke7 12. Be3 g6 13. Rd2 Bg7 14. Rad1 Rd8
15. Bg5+ f6 16. exf6+ Bxf6 17. Bxf6+ Kxf6 18. Nd6 Ke7 19. Bxb7  1-0

[Event "2. Bundesliga Ost 2018/2019"]
[Site "alle Wien"]
[Date "2018.10.06"]
[Round "1"]
[Board "3"]
[White "Kummer, Helmut"]
[Black "Sadilek, Maximilian"]
[Result "1-0"]
[WhiteElo "2297"]
[BlackElo "2245"]
[PlyCount "99"]
[EventDate "2018.10.06"]
[EventType "team"]
[EventRounds "11"]
[EventCountry "AUT"]
[WhiteTeam "SC Donaustadt"]
[BlackTeam "tschaturanga"]

1. d4 Nf6 2. c4 c5 3. d5 g6 4. Nc3 Bg7 5. e4 O-O 6. Nge2 e6 7. Ng3 exd5 8. cxd5
Re8 9. f3 d6 10. Bf4 a6 11. a4 Nbd7 12. Bxd6 Qb6 13. Bf4 Qxb2 14. Rc1 Nxe4 15.
Ncxe4 f5 16. Bc4 fxe4 17. d6+ Kh8 18. O-O exf3 19. Qxf3 Ne5 20. Bxe5 Qxe5 21.
Rcd1 Bd7 22. Qxb7 Bxa4 23. d7 Reb8 24. Qxa8 Qd4+ 25. Rxd4 Bxd4+ 26. Kh1 Rxa8
27. Rf7 Rd8 28. Be6 Bc6 29. h4 a5 30. h5 gxh5 31. Nf5 h4 32. Nxh4 a4 33. Nf3
Bxf3 34. gxf3 a3 35. Kh2 Be5+ 36. Kh3 Bc7 37. Re7 Bb6 38. f4 Rf8 39. f5 Bd8 40.
f6 Rxf6 41. Re8+ Kg7 42. Rxd8 Rxe6 43. Ra8 Rd6 44. d8=Q Rxd8 45. Rxd8 Kf6 46.
Kg4 Ke5 47. Kf3 c4 48. Ra8 Kd4 49. Rxa3 h5 50. Ke2  1-0

[Event "2. Bundesliga Ost 2018/2019"]
[Site "alle Wien"]
[Date "2018.10.06"]
[Round "1"]
[Board "4"]
[White "Rother, Moritz"]
[Black "Schwab, Lukas"]
[Result "1-0"]
[WhiteElo "2108"]
[BlackElo "2190"]
[PlyCount "103"]
[EventDate "2018.10.06"]
[EventType "team"]
[EventRounds "11"]
[EventCountry "AUT"]
[WhiteTeam "tschaturanga"]
[BlackTeam "SC Donaustadt"]

1. d4 d5 2. c4 e6 3. Nf3 Nf6 4. g3 Bb4+ 5. Nc3 O-O 6. Bg2 Nbd7 7. O-O c6 8. Nd2
e5 9. dxe5 Nxe5 10. cxd5 Bxc3 11. bxc3 Nxd5 12. Qc2 Re8 13. c4 Ne7 14. Bb2 N7g6
15. h3 f6 16. f4 Nf7 17. e4 Qc7 18. Kh2 Bd7 19. e5 fxe5 20. f5 Nf8 21. Ne4 Rad8
22. Rae1 Bc8 23. Bc1 Nd7 24. f6 g6 25. h4 Nf8 26. h5 Bf5 27. Qe2 Qc8 28. hxg6
Bxg6 29. Bh3 Qc7 30. Bf5 Kh8 31. Ba3 Bxf5 32. Rxf5 Ng6 33. Rh5 h6 34. Ng5 Nxg5
35. Rxh6+ Nh7 36. Rxg6 Qf7 37. Rh6 Re6 38. Be7 Rd7 39. Rh4 Qg6 40. Rd1 Rexe7
41. fxe7 Rxe7 42. Rd8+ Kg7 43. Rg4 Ng5 44. Kg1 Qf5 45. Rd1 e4 46. Rf1 Qg6 47.
Qb2+ Kg8 48. Qd4 Re8 49. Qd7 Rb8 50. Rff4 e3 51. Rxg5 Qxg5 52. Rg4  1-0

[Event "2. Bundesliga Ost 2018/2019"]
[Site "alle Wien"]
[Date "2018.10.06"]
[Round "1"]
[Board "5"]
[White "Pichler, Andreas"]
[Black "Devine, Christopher"]
[Result "0-1"]
[WhiteElo "2071"]
[BlackElo "2088"]
[PlyCount "118"]
[EventDate "2018.10.06"]
[EventType "team"]
[EventRounds "11"]
[EventCountry "AUT"]
[WhiteTeam "SC Donaustadt"]
[BlackTeam "tschaturanga"]

1. e4 d6 2. d4 Nf6 3. Nc3 g6 4. f4 Bg7 5. Nf3 c5 6. d5 O-O 7. Bd3 e6 8. O-O
exd5 9. exd5 Na6 10. Bc4 Rb8 11. Nb5 Nc7 12. Nxa7 Bd7 13. Qd3 b5 14. Nxb5 Nxb5
15. a4 Nc7 16. Ra2 Bf5 17. Qd1 Be4 18. Nd2 Bxd5 19. Bxd5 Ncxd5 20. Nc4 Nb4 21.
Ra3 d5 22. Ne5 Nd7 23. Nxd7 Qxd7 24. f5 Rb6 25. Raf3 Qxa4 26. f6 Bh8 27. b3 Qc6
28. g4 d4 29. g5 Nd5 30. Qe1 h5 31. Qe4 Qe6 32. Qh4 Re8 33. Qf2 Qe2 34. Ba3
Qxf2+ 35. R1xf2 Rc6 36. Bb2 Ree6 37. c3 Nxf6 38. gxf6 Bxf6 39. cxd4 cxd4 40.
Rf4 Rcd6 41. Ba3 Ra6 42. Bb2 Red6 43. Re4 Kg7 44. Rd2 Ra2 45. Ree2 g5 46. Rd3
Kg6 47. Kg2 Re6 48. Rf2 Re4 49. h3 Ra6 50. b4 Rb6 51. Rdf3 g4 52. hxg4 hxg4 53.
Rf4 Rxf4 54. Rxf4 Rxb4 55. Bc1 Rc4 56. Be3 Rc2+ 57. Bf2 Kg5 58. Re4 Kf5 59. Re1
Bh4  0-1

[Event "2. Bundesliga Ost 2018/2019"]
[Site "alle Wien"]
[Date "2018.10.06"]
[Round "1"]
[Board "6"]
[White "Riemelmoser, Stefan"]
[Black "Hofbauer, Peter"]
[Result "1-0"]
[WhiteElo "2055"]
[BlackElo "2072"]
[PlyCount "65"]
[EventDate "2018.10.06"]
[EventType "team"]
[EventRounds "11"]
[EventCountry "AUT"]
[WhiteTeam "tschaturanga"]
[BlackTeam "SC Donaustadt"]

1. e4 d6 2. d4 Nf6 3. Nc3 g6 4. f3 Bg7 5. Be3 Nbd7 6. Qd2 h5 7. h4 b6 8. O-O-O
Bb7 9. Kb1 a6 10. Nh3 b5 11. Ng5 Nb6 12. Qe1 Qc8 13. e5 Nfd5 14. e6 f6 15. Nf7
Qxe6 16. Nxh8 Bxh8 17. Bd2 Qf7 18. Nxd5 Bxd5 19. b3 f5 20. Bc3 Bf6 21. Rh3 Qg7
22. Qd2 Nd7 23. Be2 Nf8 24. g4 Qf7 25. g5 Bh8 26. f4 Ne6 27. Bf3 Bxf3 28. Rxf3
d5 29. Re1 a5 30. Rfe3 Ra6 31. Qe2 Rc6 32. Rxe6 Rxe6 33. Qxe6  1-0

[Event "2. Bundesliga Ost 2018/2019"]
[Site "alle Wien"]
[Date "2018.10.06"]
[Round "1"]
[Board "1"]
[White "Nagy, Bence"]
[Black "Gstach, Jakob"]
[Result "1-0"]
[WhiteElo "2381"]
[BlackElo "2276"]
[PlyCount "59"]
[EventDate "2018.10.06"]
[EventType "team"]
[EventRounds "11"]
[EventCountry "AUT"]
[WhiteTeam "SK Austria"]
[BlackTeam "mpimmo Wien - SK Ottakring"]

1. e4 e5 2. Nf3 Nc6 3. Bc4 Bc5 4. d3 Nf6 5. c3 a6 6. O-O Ba7 7. Bg5 h6 8. Be3
O-O 9. Bxa7 Rxa7 10. d4 exd4 11. cxd4 d5 12. exd5 Nxd5 13. Bxd5 Qxd5 14. Nc3
Qh5 15. d5 Ne5 16. Nxe5 Qxe5 17. Re1 Qf6 18. Qd2 Bf5 19. Qf4 b5 20. Re5 Bg6 21.
Qe3 Raa8 22. f4 b4 23. Ne2 Bf5 24. Rc1 Rad8 25. Rc6 Rd6 26. Ng3 Bb1 27. Rxc7
Bxa2 28. Nf5 Qd8 29. Qc5 Rf6 30. Rc8  1-0

[Event "2. Bundesliga Ost 2018/2019"]
[Site "alle Wien"]
[Date "2018.10.06"]
[Round "1"]
[Board "2"]
[White "Steiner, Adam"]
[Black "Hangweyrer, Manfred"]
[Result "0-1"]
[WhiteElo "2219"]
[BlackElo "2351"]
[PlyCount "90"]
[EventDate "2018.10.06"]
[EventType "team"]
[EventRounds "11"]
[EventCountry "AUT"]
[WhiteTeam "mpimmo Wien - SK Ottakring"]
[BlackTeam "SK Austria"]

1. e4 d6 2. d4 Nf6 3. Nc3 e5 4. Nge2 c6 5. a4 Be7 6. g3 a5 7. Bg2 Na6 8. O-O h5
9. h3 Be6 10. Be3 Qc8 11. Kh2 Nb4 12. Qd2 h4 13. g4 Bxg4 14. hxg4 Nxg4+ 15. Kh1
Nxe3 16. fxe3 Rh6 17. Ng1 h3 18. Bf3 g5 19. dxe5 dxe5 20. Qf2 g4 21. Be2 Qe6
22. Rad1 h2 23. Nh3 gxh3 24. Bg4 Qg6 25. Bd7+ Kf8 26. Qxh2 Qg2+ 27. Qxg2 hxg2+
28. Kxg2 Nxc2 29. Kf3 Bc5 30. Rc1 Rf6+ 31. Ke2 Rxf1 32. Rxf1 Nxe3 33. Rh1 Ke7
34. Bh3 Rg8 35. Kf3 Nc4 36. Rd1 Bb4 37. Rd7+ Kf6 38. Rxb7 Rd8 39. Rc7 Rd3+ 40.
Kg4 Rd6 41. Ne2 Kg7 42. Kf3 Nd2+ 43. Kg4 Rg6+ 44. Kf5 Nf3 45. Rd7 Rg5#  0-1

[Event "2. Bundesliga Ost 2018/2019"]
[Site "alle Wien"]
[Date "2018.10.06"]
[Round "1"]
[Board "3"]
[White "Sardy, Peter"]
[Black "Steindl, Johannes"]
[Result "1-0"]
[WhiteElo "2315"]
[BlackElo "2215"]
[PlyCount "101"]
[EventDate "2018.10.06"]
[EventType "team"]
[EventRounds "11"]
[EventCountry "AUT"]
[WhiteTeam "SK Austria"]
[BlackTeam "mpimmo Wien - SK Ottakring"]

1. g3 d5 2. Bg2 Nf6 3. Nf3 e6 4. b3 Be7 5. Bb2 c5 6. O-O O-O 7. d3 b6 8. Nbd2
Bb7 9. Re1 Nc6 10. a3 Qc7 11. c3 Rfd8 12. Qc2 Rac8 13. Rac1 Qb8 14. Qb1 Qa8 15.
Bh3 b5 16. b4 Nd7 17. Nb3 a5 18. Nxc5 Nxc5 19. bxc5 Bxc5 20. Ng5 d4 21. Qa2 Be7
22. Nxf7 Kxf7 23. Bxe6+ Kf8 24. Bg8 Ke8 25. Qf7+ Kd7 26. Bxh7 Rf8 27. Qd5+ Kc7
28. cxd4 Kb6 29. Qe6 Rf6 30. Qe3 Ka6 31. d5 Rh6 32. dxc6 Bxc6 33. Be4 Bxe4 34.
Rxc8 Qxc8 35. Qxe4 Qh3 36. Qa8+ Kb6 37. Bd4+ Bc5 38. Bxc5+ Kxc5 39. Rc1+ Kb6
40. Qb8+ Ka6 41. Qa8+ Kb6 42. Qh1 Re6 43. a4 Qh6 44. Rb1 b4 45. Qd5 Rxe2 46.
Qb5+ Kc7 47. Qxa5+ Kd7 48. Qxb4 Rc2 49. Qb7+ Rc7 50. Qd5+ Kc8 51. Qf5+  1-0

[Event "2. Bundesliga Ost 2018/2019"]
[Site "alle Wien"]
[Date "2018.10.06"]
[Round "1"]
[Board "4"]
[White "Bauer, Thomas"]
[Black "Wiedermann, Franz"]
[Result "0-1"]
[WhiteElo "2244"]
[BlackElo "2121"]
[PlyCount "134"]
[EventDate "2018.10.06"]
[EventType "team"]
[EventRounds "11"]
[EventCountry "AUT"]
[WhiteTeam "mpimmo Wien - SK Ottakring"]
[BlackTeam "SK Austria"]

1. e4 d6 2. d4 Nf6 3. Bd3 g6 4. Nf3 Bg7 5. O-O O-O 6. Re1 Nc6 7. c3 e5 8. Nbd2
Re8 9. d5 Ne7 10. Nc4 Nexd5 11. exd5 e4 12. Bg5 exd3 13. Qxd3 Bf5 14. Qd4 Ne4
15. Bxd8 Bxd4 16. Nxd4 Raxd8 17. Na5 Bd7 18. f3 Nf6 19. c4 a6 20. b3 Rb8 21. g4
Kf8 22. Kf2 h5 23. g5 Rxe1 24. Rxe1 Ne8 25. b4 Ng7 26. c5 dxc5 27. bxc5 Nf5 28.
Rd1 Ne7 29. Ne2 b6 30. Nb3 Ba4 31. d6 cxd6 32. cxd6 Nf5 33. Nc3 Bc6 34. Nd4
Nxd4 35. Rxd4 Ke8 36. Ke3 b5 37. Kf4 a5 38. Ne4 b4 39. Nf6+ Kd8 40. Rc4 Rb6 41.
Ng8 Bd5 42. Rc2 a4 43. Nf6 Be6 44. Ne4 a3 45. Nc5 Rb5 46. Nxe6+ fxe6 47. Rc7
Rf5+ 48. Ke4 Rxg5 49. Rb7 Rg2 50. Rxb4 Kd7 51. Ke5 Re2+ 52. Re4 Rxh2 53. Kf6
Rf2 54. Kxg6 Kxd6 55. Rd4+ Ke5 56. Ra4 Rxa2 57. f4+ Kd5 58. Kxh5 Rh2+ 59. Kg4
a2 60. Kf3 Kc5 61. Ke4 Kb5 62. Ra8 Kb4 63. Rb8+ Kc3 64. Rc8+ Kb2 65. Rb8+ Kc2
66. Ra8 Kb1 67. Ke5 Re2+  0-1

[Event "2. Bundesliga Ost 2018/2019"]
[Site "alle Wien"]
[Date "2018.10.06"]
[Round "1"]
[Board "5"]
[White "Pernerstorfer, Johannes"]
[Black "Srienz, Christian"]
[Result "1/2-1/2"]
[WhiteElo "2008"]
[BlackElo "2173"]
[PlyCount "77"]
[EventDate "2018.10.06"]
[EventType "team"]
[EventRounds "11"]
[EventCountry "AUT"]
[WhiteTeam "SK Austria"]
[BlackTeam "mpimmo Wien - SK Ottakring"]

1. e4 c6 2. d4 d5 3. exd5 cxd5 4. Nf3 Nf6 5. Bd3 Nc6 6. c3 Qc7 7. O-O Bg4 8.
Re1 e6 9. Bg5 Bd6 10. h3 Bh5 11. Nbd2 Bg6 12. Qe2 Nh5 13. Bxg6 hxg6 14. c4 O-O
15. cxd5 exd5 16. Qb5 Nf4 17. Bxf4 Bxf4 18. Nf1 a6 19. Qb3 Rad8 20. Ne3 Bxe3
21. Qxe3 Qd7 22. Qf4 Rfe8 23. Ng5 f6 24. Nf3 g5 25. Qd2 Re4 26. Re3 Rxe3 27.
Qxe3 Re8 28. Qd2 Re4 29. Re1 Qe7 30. Rxe4 dxe4 31. d5 exf3 32. dxc6 bxc6 33.
gxf3 Qe6 34. Qd8+ Kf7 35. Kg2 Qxa2 36. Qd7+ Kg6 37. Qe8+ Kh7 38. Qh5+ Kg8 39.
Qe8+  1/2-1/2